000 00767nam a2200193Ii 4500
003 JO-AjNU
008 230605s9999||||xx |||||||||||||| ||und||
040 _aJO-AjNU
_bara
_erda
_cJO-AjNU
041 _aara
050 1 4 _aHE9781.E3832 1987
100 3 _aوضعه حنا، إدوارد جورج؛ تنفيذ فاروق العامري,
_eauthor
_951105
245 0 0 _aالكومبيوتر في شركات الطيران: حجز تذاكر وأماكن ومواعيد سفر الركاب
264 3 1 _aبيروت: دار الراتب الجامعية، 1987
300 _a265ص
336 _atext
_btxt
_2rdacontent
337 _aunmediated
_bn
_2rdamedia
338 _avolume
_bnc
_2rdacarrier
650 4 _aالخطوط الجوية - معالجة بيانات
_951106
999 _aA22553
_c26121
_d26121